| 000 | 01601nam2a2200289 4500 | ||
|---|---|---|---|
| 001 | RU\NLR\BIBL_A\022298166 | ||
| 005 | 20240822154953.0 | ||
| 010 |
_a978-5-4448-2277-7 _bт. 1 |
||
| 021 |
_aRU _bКН-П-24-037163 _9КН-П-24-3724 |
||
| 035 | _a(NLR Aleph) 022298166 | ||
| 090 |
_a13240742 _c13240742 |
||
| 100 | _a20240813d2024 u y0rusy50 ca | ||
| 101 | 0 | _arus | |
| 102 | _aRU | ||
| 105 | _aa z 001gy | ||
| 200 | 1 | _aСтихи | |
| 210 | _d2024 | ||
| 215 |
_a615 с. _cил. |
||
| 320 | _aАлф. указ.: с. 575-600 | ||
| 320 | _aИмен. указ.: с. 601-602 | ||
| 325 | 1 | _aБиблиогр. в примеч.: с. 555-574 | |
| 327 | 1 | _aСодерж.: Книга I. Дуда и Мак; книга II. Иог и Суфий; книга III. Чуждые ангелы; книга IV. Гром греммит; книга V. Монголия и далее; книга VI. Ветер; книга VII. Рукоделия | |
| 461 | 0 |
_1001RU\NLR\BIBL_A\022295411 _12001#$aСобрание произведений$eв 3-х т.$fАнри Волохонский$gсоставление, предисловие и примечания Ильи Кукуя$vТ. 1 _1700#1$aВолохонский$bА.$f1936-$gАнри$4070$3RU\NLR\AUTH\7781310 _913237994 _aВолохонский, А. (1936-) _cМосква _d2024 _e2-е изд. _fАнри Волохонский _nНовое литературное обозрение _oв 3-х т. _tСобрание произведений _y9785444822807 _vТ. 1 |
|
| 942 | _cBOOK | ||
| 980 | _aNB | ||